00451 2200169 4500001002100000005001500021035002000036245004100056100001700097250001700114300003600131260005200167082001200219084001800231020002200249650001000271INLIS00000000000107520250503072649 a0010-05250000191 aKamus Arab Indonesia /cMahmud Yunus0 aMahmud Yunus acetakan ke-1 axiv, 522 hlm :bilus ;c18,5 cm aCiputat :bPT. Mahmud Yunus Wa Dzurriyah,c2010 a492.731 a492.731 MAH k a978-979-259-071-5 4aKamus